000 00423nam a22001217a 4500
999 _c10205
_d10205
003 OSt
008 201218b ||||| |||| 00| 0 eng d
245 _aIEEMA Journal
250 _a2012(Aug Vol.3 No.12, Sep Vol.4 No.1, Oct Vol.4 No.2, Nov Vol.4 No.3, Dec Vol.4 No.4)
260 _aMumbai
_bIndian Electrical and Electronics Manufacturers Association
650 _aElectronics and Communication Engineering
942 _2ddc
_cBV